000
002740000a22000970004500
100
1
_a
Buyst, Ione
245
1
0
_a
Lovour matinal : Ione buyst nos envolve na espiritualidade do ofício da manha
300
_a
Num. 6 (Diciembre, 2001), Páginas 6-7
773
0
_t
TEAR
942
_c
ANA
999
_c
55800
_d
55800